ARRUPE JESUIT UNIVERSITY

CORONAVIRUS -STOP THE SPREAD - CLEAN,DISINFECT,COVER

Foundations of modern physical science/ (Record no. 121581)

MARC details
000 -LEADER
fixed length control field 00910cam a22002651 4500
001 - CONTROL NUMBER
control field 2638396
003 - CONTROL NUMBER IDENTIFIER
control field ARRUPE
005 - DATE AND TIME OF LATEST TRANSACTION
control field 20150127143930.0
008 - FIXED-LENGTH DATA ELEMENTS--GENERAL INFORMATION
fixed length control field 730807s1958 maua 000 0 eng
010 ## - LIBRARY OF CONGRESS CONTROL NUMBER
LC control number 58005057
040 ## - CATALOGING SOURCE
Original cataloging agency DLC
Transcribing agency DLC
Modifying agency ICU
-- DLC
050 00 - LIBRARY OF CONGRESS CALL NUMBER
Classification number QC23
Item number .H757
082 00 - DEWEY DECIMAL CLASSIFICATION NUMBER
Classification number 530
300 ## - PHYSICAL DESCRIPTION
Other physical details illus.
Dimensions 24 cm.
100 1# - MAIN ENTRY--PERSONAL NAME
Personal name Holton, Gerald James.
9 (RLIN) 13700
245 00 - TITLE STATEMENT
Title Foundations of modern physical science/
Statement of responsibility, etc by Gerald Holton and Duane H. D. Roller under the editorship of Duane Roller.
260 ## - PUBLICATION, DISTRIBUTION, ETC. (IMPRINT)
Place of publication, distribution, etc Reading, Mass.,
Name of publisher, distributor, etc Addison-Wesley Pub. Co.
Date of publication, distribution, etc [1958]
300 ## - PHYSICAL DESCRIPTION
Extent 782 p.
440 #0 - SERIES STATEMENT/ADDED ENTRY--TITLE
Title Addison-Wesley physics series
9 (RLIN) 13701
650 #0 - SUBJECT ADDED ENTRY--TOPICAL TERM
Topical term or geographic name as entry element Physics.
9 (RLIN) 2736
650 #0 - SUBJECT ADDED ENTRY--TOPICAL TERM
Topical term or geographic name as entry element Physics
General subdivision History.
9 (RLIN) 13654
700 1# - ADDED ENTRY--PERSONAL NAME
Personal name Roller, Duane H. D.
Fuller form of name (Duane Henry Du Bose),
Dates associated with a name 1920-
Relator term joint author.
9 (RLIN) 13702
740 ## - ADDED ENTRY--UNCONTROLLED RELATED/ANALYTICAL TITLE
Uncontrolled related/analytical title Physical science.
906 ## - LOCAL DATA ELEMENT F, LDF (RLIN)
a 7
b cbc
c orignew
d u
e ocip
f 19
g y-gencatlg
942 ## - ADDED ENTRY ELEMENTS (KOHA)
Source of classification or shelving scheme Library of Congress Classification
Koha item type Monograph ( Printed materials)
Holdings
Withdrawn status Lost status Source of classification or shelving scheme Damaged status Not for loan Collection code Home library Current library Shelving location Date acquired Total Checkouts Full call number Barcode Date last seen Price effective from Koha item type
    Library of Congress Classification     Main Collection ARRUPE LIBRARY ARRUPE LIBRARY Main Collection 09/01/2015   QC23 .H757 46500003370 02/07/2019 09/01/2015 Monograph ( Printed materials)

 

Arrupe Library. PO Box MP320 Mt Pleasant, Harare, Zimbabwe
263 242 745411|librarian@aju.ac.zw